|
|
|
|
| LEADER |
00000nab a2200000 a 4500 |
| 001 |
vtls000034434 |
| 003 |
SK-MaSNL |
| 005 |
20260303023455.0 |
| 008 |
140402c1979 xo 0 slo |
| 015 |
|
|
|a SNBRB19rr/mm-uuuuu
|
| 035 |
|
|
|a CL0044528
|
| 040 |
|
|
|a SNKBUCL
|b slo
|c SNKBUCL
|e AACR2
|
| 041 |
0 |
|
|a slo
|
| 044 |
|
|
|a xo
|c SK
|
| 080 |
|
|
|a 323(100-11)
|2 1981
|
| 100 |
1 |
|
|a Gregorová, Mária
|4 aut
|9 509887
|
| 245 |
1 |
0 |
|a Míľovými krokmi
|b K štátnemu sviatku MOĽR
|c Mária Gregorová
|
| 300 |
|
|
|b Obr. 2.
|
| 650 |
0 |
7 |
|a MoĽR
|2 snkbucl
|9 1001308
|
| 655 |
|
7 |
|a články z novín a časopisov
|2 snkbucl
|9 267496
|
| 773 |
0 |
|
|t Bojovník
|g Roč. 24, č. 27 (7. 7. 1979), s. 10
|
| 850 |
|
|
|a Slovenská národná knižnica v Martine
|a MTA001
|
| 852 |
|
|
|a SNK
|b KIS3GCP
|
| 958 |
|
|
|a RK
|
| 992 |
|
|
|a RBX
|
| 999 |
|
|
|c 1634739
|d 1636669
|